000
00248nam a2200097Ia 4500
008
220204s9999 xx 000 0 und d
082
_a
31(540)
_b
STA
245
0
_a
State outline of India. 1984
260
_a
Bombay
_b
Tata McGraw Hill
_c
1984
942
_c
BK
999
_c
38883
_d
38883